Detalles MARC
| 000 -CABECERA |
| fixed length control field |
02012Cam#a2200385#a#4500 |
| 005 - FECHA Y HORA DE LA ULTIMA TRANSACCION |
| control field |
20220224182324.0 |
| 008 - ELEMENTOS DE LONGITUD FIJA-INFORMACION GENERAL |
| fixed length control field |
160307s2014||||ag ao j#f #000|0#spa#d |
| 020 ## - NUMERO INTERNACIONAL NORMALIZADO PARA LIBROS |
| Número Internacional Normalizado del libro |
9789500116718 |
| 040 ## - FUENTE DE CATALOGACION |
| Agencia de catalogación original |
AR-BeUNQ |
| Idioma de catalogación |
ESPAÑOL |
| 082 04 - NUMERO DE CLASIFICACION DECIMAL DEWEYMBER |
| Número de clasificación |
530.07 |
| Número de la edición |
21 |
| 100 1# - ASIENTO PRINCIPAL-NOMBRE PERSONAL |
| Nombre personal |
Amado, Diana. |
| 245 02 - MENCION DE TITULO |
| Título |
Saber hacer fisicoquímica. |
| Mención de responsabilidad, etc |
autores, Diana Amado y Fernando Beitia ; editora, Luz Salatino. |
| Número de la parte/sección de la obra |
(3)ES / |
| 260 ## - PUBLICACION, DISTRIBUCION, ETC. |
| Lugar de publicación, distribución, etc. |
San Isidro : |
| Nombre del editor, distribuidor, etc. |
Estrada, |
| Fecha de publicación, distribución, etc |
c2014. |
| 300 ## - DESCRIPCION FISICA |
| Extensión |
31 p. : |
| Otros detalles físicos |
il., fot. ; |
| Dimensiones |
27 cm. |
| 490 1# - MENCION DE SERIE |
| Mención de serie |
Huellas |
| 500 ## - NOTA GENERAL |
| Nota general |
Material complementario de: Fisicoquímica. (3)ES. |
| 505 0# - NOTA DE CONTENIDO |
| Nota de contenido con formato preestablecido |
La red conceptual -- Las balanzas -- Las mediciones y su presición -- La espectroscopía -- El lenguaje simbólico de la química -- Balanceo de ecuaciones -- La estequiometría de las reacciones químicas -- ¿Cómo se mide el pH? -- Datación radiactiva -- Proyectos taller de ciencias en la net |
| 650 #7 - ASIENTO SECUNDARIO DE MATERIA - TERMINO TEMATICO |
| Término temático o nombre geográfico como elemento de entrada |
Química |
| Fuente del encabezamiento o términ |
spines |
| 650 #7 - ASIENTO SECUNDARIO DE MATERIA - TERMINO TEMATICO |
| Término temático o nombre geográfico como elemento de entrada |
Medida |
| Fuente del encabezamiento o términ |
spines |
| 650 #7 - ASIENTO SECUNDARIO DE MATERIA - TERMINO TEMATICO |
| Término temático o nombre geográfico como elemento de entrada |
Ecuaciones |
| Fuente del encabezamiento o términ |
spines |
| 650 #7 - ASIENTO SECUNDARIO DE MATERIA - TERMINO TEMATICO |
| Término temático o nombre geográfico como elemento de entrada |
Reacciones químicas |
| Fuente del encabezamiento o términ |
spines |
| 650 #7 - ASIENTO SECUNDARIO DE MATERIA - TERMINO TEMATICO |
| Término temático o nombre geográfico como elemento de entrada |
Enseñanza media |
| Fuente del encabezamiento o términ |
spines |
| 650 #7 - ASIENTO SECUNDARIO DE MATERIA - TERMINO TEMATICO |
| Término temático o nombre geográfico como elemento de entrada |
Manuales |
| Fuente del encabezamiento o términ |
spines |
| 653 ## - TERMINO DE INDIZACION - NO CONTROLADO |
| Término de indización no controlado |
Estequiometría |
| 700 1# - ASIENTO SECUNDARIO - NOMBRE DE PERSONA |
| Personal name |
Beitia, Fernando, |
| Relator term |
autor |
| Relationship |
aut |
| 700 1# - ASIENTO SECUNDARIO - NOMBRE DE PERSONA |
| Personal name |
Salatino, Luz, |
| Relator term |
editora. |
| Relationship |
edt |
| 830 #0 - ASIENTO SECUNDARIO DE SERIE--TITULO UNIFORME |
| Título uniforme |
Huellas (Estrada). |
| 929 ## - DATOS DE ADQUISICION |
| Procedencia |
COMPRA |
| Proveedor |
El Monje Libros |
| Orden de compra |
Compra 2015 Exp. 827-2158/15 |
| Precio |
252,00 (obra completa) |
| Fecha de recibido |
20151229 |
| Patrimonio UNQ |
PAT0062375 |
| Número de inventario |
54230 |
| 929 ## - DATOS DE ADQUISICION |
| Procedencia |
COMPRA |
| Proveedor |
El Monje Libros |
| Orden de compra |
Compra 2015 Exp. 827-2158/15 |
| Precio |
252,00 (obra completa) |
| Fecha de recibido |
20151229 |
| Patrimonio UNQ |
PAT0062376 |
| Número de inventario |
54231 |
| 929 ## - DATOS DE ADQUISICION |
| Procedencia |
COMPRA |
| Proveedor |
El Monje Libros |
| Orden de compra |
Compra 2015 Exp. 827-2158/15 |
| Precio |
252,00 (obra completa) |
| Fecha de recibido |
20151229 |
| Patrimonio UNQ |
PAT0062377 |
| Número de inventario |
54232 |
| 929 ## - DATOS DE ADQUISICION |
| Procedencia |
COMPRA |
| Proveedor |
El Monje Libros |
| Orden de compra |
Compra 2015 Exp. 827-2158/15 |
| Precio |
252,00 (obra completa) |
| Fecha de recibido |
20151229 |
| Patrimonio UNQ |
PAT0062378 |
| Número de inventario |
54233 |
| 929 ## - DATOS DE ADQUISICION |
| Procedencia |
COMPRA |
| Proveedor |
El Monje Libros |
| Orden de compra |
Compra 2015 Exp. 827-2158/15 |
| Precio |
252,00 (obra completa) |
| Fecha de recibido |
20151229 |
| Patrimonio UNQ |
PAT0062379 |
| Número de inventario |
54234 |
| 929 ## - DATOS DE ADQUISICION |
| Procedencia |
COMPRA |
| Proveedor |
El Monje Libros |
| Orden de compra |
Compra 2015 Exp. 827-2158/15 |
| Precio |
252,00 (obra completa) |
| Fecha de recibido |
20151229 |
| Patrimonio UNQ |
PAT0062380 |
| Número de inventario |
54235 |
| 942 ## - ELEMENTOS DE PUNTO DE ACCESO ADICIONAL (KOHA) |
| Tipo de ítem Koha |
Libros |
| Suppress in OPAC |
0 |